000 00697nam a2200253Ia 4500
003 OSt
005 20220918222318.0
006 a|||||r|||| 00| 0
007 ta
008 220917b |||||||| |||| 00| 0 eng d
024 _a216,386
037 _cTextual
040 _aARTS
_cARTS
_beng
041 _2eng
_aeng
082 _aV1:19(Y15), P1
100 _aSkjelsbaek Inger Ed.
_9142759
245 0 _aGender, peace and conflict
260 _aLondon
_bSage publications
_c2001
300 _ax, 228p
_ccm.
650 _aPOLITICAL SCIENCE
700 _a Smith Dan Ed.
942 _hV1:19(Y15), P1
_cTEXL
_2CC
999 _c275127
_d275127